| 000 | 00492nam a2200121Ia 4500 | ||
|---|---|---|---|
| 008 | 220620s9999||||xx |||||||||||||| ||und|| | ||
| 100 | _aHorne, Gerald | ||
| 245 | 0 | _aPaul Robeson | |
| 546 | _aEnglish[eng] | ||
| 650 | _aHistory||London||Moscow||United States | ||
| 856 | _uhttps://library.oapen.org/bitstream/20.500.12657/30083/1/650017.pdf||https://library.oapen.org/bitstream/20.500.12657/30083/1/650017.pdf||https://library.oapen.org/bitstream/20.500.12657/30083/1/650017.pdf | ||
| 942 | _cEB | ||
| 999 |
_c25158 _d25158 |
||